Дело по указам Сената о возникшем в Саратовском губернском правлении с местной конторой иностранных поселенцев пререкании относи...

Доступно только в Электронных читальных залах Найти на картеНа карте
RUSMARC
00003834nmc2a22000003x 450
001ac95ac37-9f64-42ea-b2e1-345b6547e883
00520200227180635.0
100##$a20180808l18621862k l0rusy0189 ca
1010#$arus
102##$aRU
2001#$aДело по указам Сената о возникшем в Саратовском губернском правлении с местной конторой иностранных поселенцев пререкании относительно признания колонистов Шенфельда, Клостера бродягами, а равно и других государственных крестьян
$j15 июня - 27 сентября 1862 г.
251##$cДело
300##$aДело
801#0$aRU
$bРГИА
$c20180808
$gRCR
801#1$aRU
$bГлавНИВЦ
$c20180808
$2rusmarc
801#2$aRU
$bПБ им. Б.Н. Ельцина
$c20200227
$gRCR
$2rusmarc
850##$aРГИА
852##$aРГИА
$eФедеральное казенное учреждение "Российский государственный исторический архив" (РГИА)
$j821
937##$hРГИА
$d12284959
$aASBIBLIO_SCAN
462#0$10015c398cbf-df74-45c9-b4be-e102fe866560
$12001
$aДела Департамента полиции исполнительной МВД за 1862 год
$1251
$cОпись
$1852
$j23
$l1862 г.
461#0$10013e300ed0-cd39-49af-8489-5ba5b90fa401
$12001
$aДепартамент полиции исполнительной МВД
$1251
$cФонд
$1852
$j1286
215##$a29 л.
$d36,5х26 см
371##$aДокумент не является опубликованным и широко распространяемым
105##$ay###
1222#$ad
035##$aac95ac37-9f64-42ea-b2e1-345b6547e883
856##$uhttp://readingroom.main.prlib.ru/item.aspx?id_node=n141838596&mode=full
Формат отображения